Sports Quiz

Random Sports or MLB Quiz
Score 0/147 Timer 09:00
27 Plays Today
Year Player % Correct
2004 (SF)Barry Bonds
96.2%
2003 (SF)Barry Bonds
96.2%
2002 (SF)Barry Bonds
96.2%
2001 (SF)Barry Bonds
96.2%
2000 (SF)Barry Bonds
96.2%
1993 (SF)Barry Bonds
96.2%
2007 (NYY)Alex Rodriguez
95.4%
2005 (NYY)Alex Rodriguez
95.4%
2003 (TEX)Alex Rodriguez
95.4%
2002 (TEX)Alex Rodriguez
95.4%
2001 (TEX)Alex Rodriguez
95.4%
1931 (NYY)Babe Ruth
94.6%
1930 (NYY)Babe Ruth
94.6%
1929 (NYY)Babe Ruth
94.6%
1928 (NYY)Babe Ruth
94.6%
1927 (NYY)Babe Ruth
94.6%
1926 (NYY)Babe Ruth
94.6%
1924 (NYY)Babe Ruth
94.6%
1921 (NYY)Babe Ruth
94.6%
1920 (NYY)Babe Ruth
94.6%
2002 (CHC)Sammy Sosa
94.2%
2001 (CHC)Sammy Sosa
94.2%
2000 (CHC)Sammy Sosa
94.2%
1999 (CHC)Sammy Sosa
94.2%
1998 (CHC)Sammy Sosa
94.2%
2009 (STL)Albert Pujols
94.1%
2006 (STL)Albert Pujols
94.1%
2004 (STL)Albert Pujols
94.1%
2009 (PHI)Ryan Howard
93.4%
2008 (PHI)Ryan Howard
93.4%
2007 (PHI)Ryan Howard
93.4%
2006 (PHI)Ryan Howard
93.4%
2017 (NYY)Aaron Judge
93.1%
2017 (MIA)Giancarlo Stanton
93%
2006 (BOS)David Ortiz
92.9%
2005 (BOS)David Ortiz
92.9%
1969 (WSH)Frank Howard
92.6%
2009 (MIL)Prince Fielder
92.5%
2007 (MIL)Prince Fielder
92.5%
1990 (DET)Cecil Fielder
92%
1999 (STL)Mark McGwire
91.9%
1998 (STL)Mark McGwire
91.9%
1996 (OAK)Mark McGwire
91.9%
1987 (OAK)Mark McGwire
91.9%
2018 (OAK)Khris Davis
91.6%
2019 (LAA)Mike Trout
91.4%
1997 (OAK,STL)Mark McGwire
90.3%
1999 (SEA)Ken Griffey Jr
90.1%
1998 (SEA)Ken Griffey Jr
90.1%
Year Player % Correct
1997 (SEA)Ken Griffey Jr
90.1%
1993 (SEA)Ken Griffey Jr
90.1%
1996 (SEA)Ken Griffey Jr
90.1%
2015 (BAL)Chris Davis
89.7%
1999 (ATL)Chipper Jones
89.6%
2005 (ATL)Andruw Jones
89.5%
2013 (BAL)Chris Davis
89.4%
2005 (BOS)Manny Ramirez
87.3%
1998 (CLE)Manny Ramirez
87.3%
1961 (NYY)Mickey Mantle
86.4%
1956 (NYY)Mickey Mantle
86.4%
1965 (SFG)Willie Mays
84.3%
1964 (SF)Willie Mays
84.3%
1962 (SF)Willie Mays
84.3%
1955 (NYG)Willie Mays
84.3%
1971 (ATL)Hank Aaron
84.1%
1962 (MLN)Hank Aaron
84.2%
2019 (NYM)Pete Alonso
84%
2001 (ARI)Luis Gonzalez
84%
1998 (TEX)Juan Gonzalez
83.9%
1996 (TEX)Juan Gonzalez
83.9%
1993 (TX)Juan Gonzalez
83.9%
2019 (LAD)Cody Bellinger
83%
2003 (PHI)Jim Thome
82%
2002 (CLE)Jim Thome
82%
2001 (CLE)Jim Thome
82%
1934 (NYY)Lou Gehrig
81.9%
1936 (NYY)Lou Gehrig
81.9%
1931 (NYY)Lou Gehrig
81.9%
1927 (NYY)Lou Gehrig
81.9%
2000 (HOU)Jeff Bagwell
81.8%
2010 (TOR)Jose Bautista
81.7%
1961 (NYY)Roger Maris
81%
2001 (COL)Todd Helton
79.5%
2017 (DET, ARI)J.D. Martinez
76.6%
1997 (COL)Larry Walker
75.3%
1979 (PHI)Mike Schmidt
73.6%
1980 (PHI)Mike Schmidt
73.6%
1966 (BAL)Frank Robinson
72.4%
2004 (CIN)Adam Dunn
72%
1969 (MIN)Harmon Killebrew
71.8%
1962 (MIN)Harmon Killebrew
71.8%
1964 (MIN)Harmon Killebrew
71.8%
1963 (MIN)Harmon Killebrew
71.8%
1961 (MIN)Harmon Killebrew
71.8%
2006 (HOU)Lance Berkman
71.7%
1979 (MIL)Gorman Thomas
71.6%
1998 (CWS)Albert Belle
70.2%
1996 (CLE)Albert Belle
70.2%
Year Player % Correct
1995 (CLE)Albert Belle
70.2%
2001 (LAD)Shawn Green
70.1%
1996 (BAL)Brady Anderson
69.9%
2007 (TB)Carlos Pena
69.2%
1969 (OAK)Reggie Jackson
68.9%
1987 (TOR)George Bell
68.6%
1969 (SF)Willie McCovey
67.7%
2005 (CHC)Derrek Lee
67.5%
1938 (BOS)Jimmie Foxx
67.5%
1933 (PHA)Jimmie Foxx
67.5%
1932 (PHA)Jimmie Foxx
67.5%
1959 (CHC)Ernie Banks
67.2%
1958 (CHC)Ernie Banks
67.3%
2016 (BAL)Mark Trumbo
65.3%
2001 (TEX)Rafael Palmeiro
65.2%
1999 (TEX)Rafael Palmeiro
65.2%
1970 (CIN)Johnny Bench
65.1%
2006 (WSH)Alfonso Soriano
64.7%
1971 (PIT)Willie Stargell
64.7%
2019 (CIN)Eugenio Suárez
64.3%
1937 (NYY)Joe DiMaggio
64.3%
2019 (KC)Jorge Soler
63.9%
1987 (CHC)Andre Dawson
59.9%
2004 (LAD)Adrian Beltre
59.4%
1978 (BOS)Jim Rice
57.9%
1996 (COL)Andres Galarraga
56.3%
1938 (DET)Hank Greenberg
55.8%
1999 (CIN)Greg Vaughn
54.1%
1998 (SD)Greg Vaughn
54.1%
1998 (TOR)Jose Canseco
53.7%
1977 (CIN)George Foster
51.3%
1930 (CHC)Hack Wilson
50.5%
1949 (PIT)Ralph Kiner
50.3%
1950 (PIT)Ralph Kiner
50.4%
1947 (PIT)Ralph Kiner
50.4%
2000 (LAA)Troy Glaus
49.9%
2003 (MIL)Richie Sexson
49%
2001 (MIL)Richie Sexson
49%
1953 (MLN)Eddie Mathews
47.8%
1998 (COL)Vinny Castilla
46%
1989 (SF)Kevin Mitchell
45.9%
1959 (MLN)Eddie Mathews
44.7%
1979 (CHC)Dave Kingman
40.2%
1961 (SF)Orlando Cepeda
34%
1947 (NYG)Jonny Mize
32.6%
1955 (CIN)Ted Kluszewski
29.3%
1954 (CIN)Ted Kluszewski
29.3%
1961 (DET)Rocky Colavito
23.3%
1961 (BAL)Jim Gentile
19.2%

You're not logged in!

Compare scores with friends on all Sporcle quizzes.
OR
Log In

Sporcle TV

Today on Sporcle TV


Watch our educational content, quiz creation guides, and fun videos on Sporcle TV.

Show Comments

Extras

Top Quizzes Today


Score Distribution

Paid Content

Your Account Isn't Verified!

In order to create a playlist on Sporcle, you need to verify the email address you used during registration. Go to your Sporcle Settings to finish the process.

Report this User

Report this user for behavior that violates our Community Guidelines.

Details: